000 01578cam a2200361 a 4500
001 15654350
005 20230210094603.0
008 090310s2009 cauab b 001 0 eng
010 _a 2009010382
020 _a9781598840544 (hard copy : acidfree paper)
020 _a1598840541 (hard copy : acidfree paper)
020 _a9781598840551 (e book)
020 _a159884055X (e book)
035 _a(OCoLC)ocn316327183
040 _aDLC
_cDLC
_dC#P
_dYDXCP
_dBWX
_dDLC
043 _aac-----
050 0 0 _aDK859.5
_b.P44 2009
082 0 0 _a958.043,PEI
_222
100 1 _aPeimani, Hooman,
_d1957-
_9108832
245 1 0 _aConflict and security in Central Asia and the Caucasus /
_cHooman Peimani.
260 _aSanta Barbara, Calif. :
_bABC-CLIO,
_cc2009.
300 _axxvi, 373 p. :
_bill., maps ;
_c26 cm.
505 _aPart 1: Regional Essays (Page-1), Part 2: Country Profiles and Chronologies (Page-105), Part 3: Geopolitics Organizations (Page-295), Part 4: What The Future will hold for Central Asia and The Caucasus (Page-347).
650 0 _aPost-communism
_zAsia, Central.
_9108833
650 0 _aNational security
_zAsia, Central.
_9108834
651 0 _aAsia, Central
_xHistory
_y1991-
_9108835
651 0 _aAsia, Central
_xPolitics and government
_y1991-
_9108817
651 0 _aCaucasus
_xPolitics and government.
_9108836
651 0 _aCaucasus
_xHistory
_y1991-
_9108837
906 _a7
_bcbc
_corignew
_d1
_eecip
_f20
_gy-gencatlg
942 _2ddc
_cBK
999 _c593198
_d593198